00393nam a2200145Ia 4500003000400000005001700004008004100021020001500062050002800077100001900105245005100124260003300175300003300208440000600241OSt20140325143507.0140130s9999 xx 000 0 und d a1577556445 aREF 523.8022bP844 2004 aPorter, Malcom cMalcom PorteraThe Complete children's atlas / bScholastic,c2004.aCanada : a96 p. :bcol. ill. ;c26 cm. v1